Músicas do Now United - Statistics

Estatísticas Gerais
  • Esse quiz foi jogado 273 vezes
  • A pontuação média é 29 de 60
Estatísticas das Respostas
Hint Resposta % Correto
04/12/2017 summer in the city
96%
15/12/2019 na na na
87%
05/11/2018 all day
85%
07/06/2019 paraná
85%
27/09/2019 legends
71%
29/01/2019 beautiful life
70%
11/08/2019 crazy stupid silly love
70%
20/09/2018 who would think that love
70%
17/03/2019 afraid of letting go
69%
07/03/2020 come together
67%
24/07/2019 sunday morning
63%
22/04/2020 by my side
62%
11/05/2020 dana dana
62%
11/12/2020 pas le choix
62%
29/11/2018 how we do it
61%
08/09/2019 like that
60%
30/04/2020 better
59%
12/02/2020 live this moment
58%
15/01/2021 lean on me
57%
06/11/2020 one love
57%
24/07/2018 what are we waiting for
57%
16/10/2020 habibi
56%
11/03/2021 turn it up
56%
28/10/2020 golden
54%
14/07/2021 wave your flag
54%
26/04/2021 baila
53%
10/04/2021 fiesta
53%
30/09/2020 somebody
50%
28/08/2021 momento
49%
09/04/2020 wake up
46%
07/10/2020 chained up
44%
19/08/2020 feel it now
42%
28/12/2019 let me be the one
42%
08/08/2020 nobody fools me twice
42%
05/10/2020 paradise
42%
01/12/2022 clockwork
41%
28/08/2021 dance like that
41%
29/01/2021 all around the world
40%
30/12/2021 jump
40%
11/09/2021 ikou
39%
21/10/2022 all night long
38%
03/03/2022 heartbreak on the dance floor
38%
30/10/2021 future me
37%
18/09/2020 the weekend's here
37%
30/12/2020 hewale
36%
20/09/2019 you give me something
36%
14/10/2022 good intentions
34%
29/05/2020 let the music move you
34%
19/08/2022 like me
33%
23/06/2020 stand together
33%
18/06/2021 nu party
31%
28/08/2021 when you love somebody
31%
31/12/2020 how far we've come
27%
28/05/2021 nobody like us
27%
31/07/2020 show you how to love
21%
22/12/2021 badna nehlam
20%
22/10/2021 anything for you
17%
22/10/2021 i got you
17%
28/04/2019 sundin ang puso
17%
13/03/2022 it's your birthday
16%
Nenhum quiz correspondente encontrado
Distribuição das Pontuações
Porcentagem de Pessoas com Cada Pontuação
Percentil de Números Respondidos
Sua Pontuação Histórica
Você não jogou esse quiz